000
00199 a2200097 4500
001
2853
100
_a
Eliol, G
245
_a
Middle march
260
_a
_b
Geoffrey Cumberlege
_c
090
_c
2148
_d
2148
942
_a
NUST-CAE
_c
M
_c
12758
999
_c
237926
_d
237926